Convergences and complete distributivity of lattice ordered groups

Podrobná bibliografia
Hlavný autor: Jakubík, Ján, 1923-2015 (Autor)
Médium: Článok
Jazyk:angličtina
Fyzický popis:Res. rus., angl., lit. 8 zázn. v ruš., angl.
Predmet:

MARC

LEADER 00000nab a2200000 a 4500
001 vtls000353349
003 SK-MaSNL
005 20260318125034.0
008 230223c1988 xo 0 eng
015 |a SNBRB19rr/mm-uuuuu 
035 |a CL0353471 
035 |a urn:nbn:sk:snk-abbjca 
035 |a (urnnbn)urn:nbn:sk:snk:ar-006jc0 
035 |a (uuid)73d77474-04c3-40ca-a42c-cd54a3bd7852 
040 |a SNKBUCL  |b slo  |c SNKBUCL  |e AACR2 
041 0 |a eng 
044 |a xo  |c SK 
080 |a 512.545:517.521:519.224  |2 1981 
080 |a 517.521  |2 1981 
080 |a 519.224  |2 1981 
100 1 |a Jakubík, Ján,  |d 1923-2015  |4 aut  |9 38413 
245 1 0 |a Convergences and complete distributivity of lattice ordered groups  |c Ján Jakubík 
300 |b Res. rus., angl., lit. 8 zázn. v ruš., angl. 
650 0 7 |a Archimedove grupy  |2 snkbucl  |9 1266005 
650 0 7 |a konvergencia  |2 snkbucl  |9 823524 
650 0 7 |a distributívnosť  |2 snkbucl  |9 1266006 
655 7 |a články z novín a časopisov  |2 snkbucl  |9 267496 
773 0 |t Mathematica slovaca  |g Roč. 38, č. 3 (1988), s. 269-272 
850 |a Slovenská národná knižnica v Martine  |a MTA001 
852 |a SNK  |b KIS3GCP 
958 |a OND 
958 |a NB 
958 |a RK 
958 |a EUIPO 
958 |a article15 
992 |a RBX 
999 |c 2265954  |d 2267884